[Event "IECG CN.2002.0.00277 email"]
[Site "IECG email"]
[Date "2002.01.16"]
[Round "?"]
[White "Easton, Billy"]
[Black "Vize, Paul"]
[Result "1-0"]
[WhiteElo "671"]
[BlackElo "800"]
[PlyCount "23"]
[EventDate "2002.01.16"]
[EventType "tourn (corr)"]
[EventRounds "6"]
[SourceTitle "Corr 2008"]
[Source "ChessBase"]
[SourceDate "2008.06.24"]
[SourceVersion "1"]
[SourceVersionDate "2008.06.24"]
[SourceQuality "1"]

1. e4 e5 2. Nf3 Nc6 3. Bc4 Nf6 4. Nc3 Bb4 5. Ng5 0-0 6. Nxf7 Rxf7 7. Bxf7+ Kxf7 8. Qf3 Nd4 9. Qd3 Ng4 10. 0-0 Qh4 11. h3 Nf6 12. Nd5 1-0

[Event "IECG CN.2001.0.00239"]
[Site "IECG email"]
[Date "2001.03.15"]
[Round "?"]
[White "Vize, Paul"]
[Black "Dion, Michel"]
[Result "1-0"]
[WhiteElo "800"]
[BlackElo "974"]
[PlyCount "45"]
[EventDate "2001.03.15"]
[EventType "tourn (corr)"]
[EventRounds "6"]
[SourceTitle "Corr 2008"]
[Source "ChessBase"]
[SourceDate "2008.06.24"]
[SourceVersion "1"]
[SourceVersionDate "2008.06.24"]
[SourceQuality "1"]

1. e4 e5 2. Nf3 Nf6 3. d3 Nc6 4. c4 Bc5 5. h3 d6 6. Bg5 h6 7. Bxf6 Qxf6 8. Nc3 Be6 9. Be2 Nd4 10. Nd5 Bxd5 11. cxd5 Nxe2 12. Qxe2 Kd7 13. 0-0 g5 14. g3 Rag8 15. Rac1 h5 16. Rfd1 g4 17. d4 gxf3 18. Qb5+ Kc8 19. dxc5 a6 20. Qa5 Qh4 21. Kh2 Qd8 22. Rd3 f6 23. c6 1-0

[Event "IECG CN.2001.0.00239"]
[Site "IECG email"]
[Date "2001.03.15"]
[Round "?"]
[White "Vize, Paul"]
[Black "Pinna, Andrea"]
[Result "0-1"]
[WhiteElo "800"]
[BlackElo "800"]
[PlyCount "46"]
[EventDate "2001.03.15"]
[EventType "tourn (corr)"]
[EventRounds "6"]
[SourceTitle "Corr 2008"]
[Source "ChessBase"]
[SourceDate "2008.06.24"]
[SourceVersion "1"]
[SourceVersionDate "2008.06.24"]
[SourceQuality "1"]

1. e4 e6 2. d4 d5 3. e5 c5 4. Bb5+ Bd7 5. Bxd7+ Nxd7 6. Nf3 Ne7 7. Bf4 Qb6 8. b3 Nc6 9. c3 cxd4 10. 0-0 dxc3 11. Nxc3 Rc8 12. a3 Na5 13. b4 Rxc3 14. bxa5 Qa6 15. Rc1 Rxc1 16. Qxc1 Bc5 17. Be3 0-0 18. Bxc5 Rc8 19. Qg5 Nxc5 20. Qe7 h6 21. Qd6 Qxa5 22. g4 Qxa3 23. Rc1 Qxc1+ 0-1